| 000 | 01051nam a2200229Ia 4500 | ||
|---|---|---|---|
| 003 | Ost | ||
| 005 | 20260507075803.0 | ||
| 008 | 260507s9999||||xx |||||||||||||| ||und|| | ||
| 020 | _a9789931032595 | ||
| 040 | _cfsecg | ||
| 041 | _aara | ||
| 082 | _a621.38 | ||
| 100 |
_aخواني، ليلى _eمؤلف |
||
| 245 | 0 |
_aتغيير القواعد التنظيمية لقطاع الاتصالات السلكية واللاسلكية : _bدراسة حالة الجزائر / _c ليلى خواني |
|
| 260 |
_aالجزائر : _bدار هومة للطباعة والنشر والتوزيع, _c2017 |
||
| 300 |
_a159 صفحة؛ _bإيضاحات ؛ _c22 سم |
||
| 504 | _aبيبليوغرافيا: ص ص.155-159 | ||
| 520 | _aيضم مكونات شبكة الاتصالات تنظيم خدمات الاتصالات، تحديات ومستقبل الاتصالات، الاتصالات السلكية واللاسلكية . | ||
| 653 | _aالاتصالات | ||
| 653 | _aالاتصالات السلكية واللاسلكية | ||
| 942 | _cكتاب | ||
| 999 |
_c46318 _d46318 |
||